Регионална библиотека "Любен Каравелов" - Русе

Елементи на теорията на множествата и математическата логика (Запис номер 59310)

MARC детайли
000 -Лидер
Контролно поле с фиксирана дължина 01339nam a2200325 c 4500
003 - Код на организацията, давaща контролен номер
Контролно поле BLK
005 - Дата и час на последна редакция
Контролно поле 20180420222840.0
008 - Елементи от данни с фиксирана дължина
fixed length control field 180408b bul|||||r ||||||| ||bul||
010 ## - Наследен системен номер
LC control number KNG00063399000
040 ## - Източник на каталожния запис
Идентификатор на билиотеката - собственик на записа BLK
041 ## - Код за език
Код за езика на текст/звукозапис или на отделно заглавие Български
Код за езика КДБФ Български
080 ## - УДК
Текстов определител УДК Приложна математика
УДК код - определител по УДК 519
УДК определител
УДК - код + определител 519
080 ## - УДК
Текстов определител УДК Увод в анализа
УДК код - определител по УДК 517.1
УДК определител
УДК - код + определител 517.1
100 1# - Редна дума - Автор
Автор Рашова, Хелена
Авторска отговорност първи автор
R(LIN) 115683
139 ## - Редно поле
Редна дума Рашова, Хелена
Авторски знак Раш - Р 43
245 10 - Сведения за заглавието
Заглавие Елементи на теорията на множествата и математическата логика
Подзаглавни данни Научнопопул. очерк
Редно поле (дума) Хелена Рашова; прев. от пол. Богдан Димитров Дянков.
257 ## - Страна на издаване
Страна на създаване/издаване Полша
260 ## - Област на издателските данни
-- София
Име на издателя, разпространителя и проч. Наука и изкуство
Година на издаване 1972
Печатница Ямбол : Г. Димитров
300 ## - Физическа характеристика
Страници 344 с.
Илюстрации и др. с черт.
Размери/Мащаб 21 см
380 ## - Жанр
Жанр Естествени науки. Математика
500 ## - Общи забележки
Забележка Ориг. загл. Wster do matematyki wspolczesnej
650 #4 - Допълнително описание по предмет – тема
Основно описание – тема или топоним Множества (мат.)
9 (RLIN) 162550
650 #4 - Допълнително описание по предмет – тема
Основно описание – тема или топоним Математически анализ
9 (RLIN) 251206
700 1# - Други автори (авторска отговорност)
Лично име Дянков, Богдан Димитров
Автороска отговорност (Описва отношението между автора и произведението) прев. от пол.
9 (RLIN) 288892
852 ## - Местоположение
Форматна сигнатура Цб 65641
856 4# - Електронен адрес и достъп
Електронен формат pdf - файл
Път до файла /url/
856 4# - Електронен адрес и достъп
Електронен формат pdf - файл
Път до файла /url/
942 ## - АРТИКУЛИ
Вид на библиотечния материал Книги
Скрит в OPAC Не
944 ## - СЪЗДАВАНЕ И РЕДАКЦИЯ на ЗАПИСА
Създаване/Редакция Създаване
Дата на регистрацията/редакция 13.06.2004
Служител, извършил регистрацията/редакцията Геновева_Генчева
944 ## - СЪЗДАВАНЕ И РЕДАКЦИЯ на ЗАПИСА
Създаване/Редакция Редакция
Дата на регистрацията/редакция 11.09.2015
Служител, извършил регистрацията/редакцията
999 ## - СИСТЕМНИ КОНТРОЛНИ НОМЕРА
Koha biblionumber 59310
Koha biblioitemnumber 59310
Наличности
Код за отписване Код за изгубен артикул Източник на класификационната схема Код за повреда Коз за рестрикции Код за отдаване Артикулен № Име на библиотеката - собственик Име на библиотеката, в която се намира в момента Статус (Текущо местоположение) Дата на вписване в системата Местоположение - отдел Цена в лева Инвентарен номер Систематично азбучна сигнатура Баркод Номер на екземпляра Цена в евро Служебна бележка Служебен тип на артикула Бележка за публиката
Изтеглен Не е изгубен Universal Decimal Classification Не е повреден без рестрикции ползва се в читалня 96758 Регионална библиотека "Любен Каравелов" Русе Регионална библиотека "Любен Каравелов" Русе Читалня 1993-01-01 Читалня 2.04 134490 Ч 51/Р 43 134490 1 1.04 Дата инв: 15.03.2017 Бележки инв: Ч2017 Книги  
Изтеглен Не е изгубен   Не е повреден без рестрикции заемане за дома 96759 Регионална библиотека "Любен Каравелов" Русе Регионална библиотека "Любен Каравелов" Русе   1972-01-01 Заемна - подръчен фонд 2.04 127175 П 519/Р 43 127175 2 1.04 N: стар фонд Дата: 01.01.1972 Книги Отч.N: 28/2018 , Дата: 28.03.2018
Изтеглен Не е изгубен Universal Decimal Classification Не е повреден без рестрикции заемане за дома 96760 Регионална библиотека "Любен Каравелов" Русе Регионална библиотека "Любен Каравелов" Русе Заемна - подръчен фонд 1972-01-01 Заемна - подръчен фонд 2.04 634680 П 519/Р 43 634680 3 1.04 N: стар фонд Дата: 01.01.1972 Книги  
  Не е изгубен Universal Decimal Classification Не е повреден само за читалня ползва се в читалня 96761 Регионална библиотека "Любен Каравелов" Русе Регионална библиотека "Любен Каравелов" Русе Хранилище 1972-01-01 Хранилище 2.04 130520 Цб 65641 120000130520 4 1.04 N: стар фонд Дата: 01.01.1972 Книги  
Vip Innovations Ltd, Rousse, Bulgaria 2025